| 000 -LEADER |
| fixed length control field |
01139nam a22003257a 4500 |
| 005 - DATE AND TIME OF LATEST TRANSACTION |
| control field |
20210419073145.0 |
| 008 - FIXED-LENGTH DATA ELEMENTS--GENERAL INFORMATION |
| fixed length control field |
201120s2017 ||||| |||| 00| 0 eng d |
| 020 ## - INTERNATIONAL STANDARD BOOK NUMBER |
| International Standard Book Number |
9781506228211 |
| 020 ## - INTERNATIONAL STANDARD BOOK NUMBER |
| International Standard Book Number |
9781506220864 |
| 040 ## - CATALOGING SOURCE |
| Original cataloging agency |
eng |
| Transcribing agency |
DLC |
| 041 ## - LANGUAGE CODE |
| Language code of text/sound track or separate title |
eng |
| 080 ## - UNIVERSAL DECIMAL CLASSIFICATION NUMBER |
| Universal Decimal Classification number |
616.89 |
| Item number |
K-20 |
| 100 ## - MAIN ENTRY--PERSONAL NAME |
| 9 (RLIN) |
11 |
| Personal name |
Gonzalez-Mayo, Alina, MD |
| 245 ## - TITLE STATEMENT |
| Title |
USMLE Step 2 CK |
| Remainder of title |
: Lecture Notes 2018 : Psychiatry, Epidemiology, Ethics, Patient Safety |
| Statement of responsibility, etc. |
/ by: Kaplan Medical |
| 260 ## - PUBLICATION, DISTRIBUTION, ETC. |
| Place of publication, distribution, etc. |
New York |
| Name of publisher, distributor, etc. |
Kaplan Medical |
| Date of publication, distribution, etc. |
2017 |
| 300 ## - PHYSICAL DESCRIPTION |
| Extent |
237 p. |
| Other physical details |
ill |
| 365 ## - TRADE PRICE |
| Price amount |
64.99 usd |
| 650 #0 - SUBJECT ADDED ENTRY--TOPICAL TERM |
| 9 (RLIN) |
69 |
| Topical term or geographic name entry element |
Medicine |
| 650 #0 - SUBJECT ADDED ENTRY--TOPICAL TERM |
| 9 (RLIN) |
88 |
| Topical term or geographic name entry element |
Clinical Medicine |
| 650 #0 - SUBJECT ADDED ENTRY--TOPICAL TERM |
| 9 (RLIN) |
80 |
| Topical term or geographic name entry element |
USMLE Step 2 CK |
| 653 ## - INDEX TERM--UNCONTROLLED |
| Uncontrolled term |
მედიცინა |
| 653 ## - INDEX TERM--UNCONTROLLED |
| Uncontrolled term |
კლინიკური მედიცინა |
| 653 ## - INDEX TERM--UNCONTROLLED |
| Uncontrolled term |
ფსიქიატრია |
| 653 ## - INDEX TERM--UNCONTROLLED |
| Uncontrolled term |
ქცევის შემსწავლელი მეცნიერებები |
| 653 ## - INDEX TERM--UNCONTROLLED |
| Uncontrolled term |
ეპიდემიოლოგია |
| 653 ## - INDEX TERM--UNCONTROLLED |
| Uncontrolled term |
ეთიკა |
| 653 ## - INDEX TERM--UNCONTROLLED |
| Uncontrolled term |
პაციენტის უსაფრთხოება |
| 700 ## - ADDED ENTRY--PERSONAL NAME |
| 9 (RLIN) |
145 |
| Personal name |
James, A. Ted |
| Relator term |
Editor |
| 942 ## - ADDED ENTRY ELEMENTS (KOHA) |
| Source of classification or shelving scheme |
|
| Koha item type |
Books |